| 000 | 00742 a2200205 4500 | ||
|---|---|---|---|
| 999 |
_c9489 _d9489 |
||
| 003 | Nust | ||
| 005 | 20170224115632.0 | ||
| 008 | 170224b xxu||||| |||| 00| 0 eng d | ||
| 020 | _a0072823151 | ||
| 040 |
_aDLC _bEnglish _cRCMS |
||
| 082 | 0 | 0 | _a621.392BRO |
| 100 | 1 | _aBrown, Stephen D. | |
| 245 | 1 | 0 |
_aFundamentals of digital logic with Verilog design _cStephen Brown and Zvonko Vranesic |
| 250 | _aIntern. ed. | ||
| 260 |
_aNew Delhi : _bTata McGraw-Hill, _c2004 |
||
| 300 |
_axx, 844 p. : _bill. ; _c25 cm. + _e1 CD-ROM (4 3/4 in.) |
||
| 440 | 0 | _aMcGraw-Hill series in electrical and computer engineering | |
| 650 | 0 |
_aLogic circuits _xDesign and construction _xData processing |
|
| 650 | 0 | _aVerilog (Computer hardware description language) | |
| 650 | 0 | _aComputer-aided design | |
| 700 | 1 | _aVranesic, Zvonko G. | |
| 856 |
_3Table of contents only _uhttp://www.loc.gov/catdir/toc/ecip0716/2007017469.html |
||
| 942 |
_cBK _k621.392 BRO _2ddc |
||